000 00580nam a2200205Ia 4500
001 16839
003 GE_BSU
008 181216s||||||||xx |||||||||||||| ||und||
040 _cGE_BSU
080 _a821.353.1-1
100 _aგელოვანი, მ. (მირზა, 1917-1944)
245 _aლექსები
245 _cრედ. ალ.გომიაშვილი
260 _aთბილისი
260 _bსაბჭ. მწერალი
260 _c1954
300 _a101 გვ.14 სმ
653 _aლექსები
942 _cBK
999 _c49903
_d49903